000 00825nam a2200253Ia 4500
003 OSt
005 20221005062140.0
006 a|||||r|||| 00| 0
007 ta
008 221004b |||||||| |||| 00| 0 eng d
020 _a9780415543828 (hbk)
_c7646.25
024 _a15631
037 _b128/2013-14, 20/03/2014, Pioneer Books Distributors
_cTextual
040 _aCRL
_cCRL
_beng
041 _2eng
_aeng
082 _aN:(R39(S:45)), Q2
100 _aJones Amelia
_929915
245 0 _aSeeing differently
_b History and theory of identification and the visual arts
260 _aLondon
_bRoutledge UK
_c2012
300 _axxx,254p.
_ccm.
650 _aARTS
942 _hN:(R39(S:45)), Q2
_cTEXL
_2cc
999 _c969248
_d969248